| 000 | 00986nac a22002771i 4500 | ||
|---|---|---|---|
| 003 | EG-ScBUE | ||
| 005 | 20240317093217.0 | ||
| 008 | 240317t1979 n a f b 001 0 eng d | ||
| 020 | _a01200301027 | ||
| 035 | _a(OCoLC)ocl74225291 | ||
| 040 |
_aEG-ScBUE _beng _erda _cEG-ScBUE _dEG-ScBUE |
||
| 082 | 0 | 4 |
_a930.101 _bADV _222 |
| 245 | 0 | 0 |
_aAdvances in archaeological method and theory. _cedited by Michael B. Schiffer, Department of Anthropology, University of Arizona, Tucson, Arizona. |
| 264 | 1 |
_aNew York : _bAcademic Press, _c[1979] |
|
| 264 | 4 | _cc1979 | |
| 300 |
_aix, 340 pages : _billustrations ; _c24 cm |
||
| 336 |
_2rdacontent _atext _btxt |
||
| 337 |
_aunmediated _2rdamedia _bn |
||
| 338 |
_avolume _bnc _2rdacarrier |
||
| 504 | _aIncludes bibliographical references and index. | ||
| 650 | 7 |
_aArchaeology _xMethodology. _2BUEsh |
|
| 650 | 7 |
_aArchaeology _xHistory _xPhilosophy. _2BUEsh |
|
| 655 | _vReading book | ||
| 700 | 1 |
_aSchiffer, Michael B., _eeditor. |
|
| 942 |
_cBB _2ddc |
||
| 999 |
_c8509 _d8509 |
||